| 000 | 01921nam a22003137a 4500 | ||
|---|---|---|---|
| 001 | 8566 | ||
| 003 | FISKH | ||
| 005 | 20250930110643.0 | ||
| 008 | 250930b cb ||||| |||| 00| 0 eng d | ||
| 020 | _a9789995088989 | ||
| 040 |
_aFISKH _bkhr _cFISKH _dFISKH |
||
| 050 | _aPZ7 | ||
| 082 | _a895.9323 | ||
| 100 | _aSotheary, Kimsun | ||
| 245 |
_aភ្នំនាងកង្រី : _bNeang Kang Rei mountain / _cរៀបរៀងដោយ អ្នកស្រី គឹមស៊ុន សុធារី |
||
| 260 |
_aPhnom Penh : _bReading Books , _c2008. |
||
| 300 |
_a24 pages : _bcolor illustrations ; _c25 cm . |
||
| 490 | _aពិភពរឿងនិទាន | ||
| 505 | _aP | ||
| 520 | _aនាងកង្រី ជាប្រពន្ធរបស់ពុទ្ធីសែន នាងបានស្លាប់ដោយសារតែប្តីបានចាកចោលនាង នាងយំរហូតស្លាប់បានសាកសពរបស់នាងបានក្លាយជាភ្នំរហូតដល់សព្វថ្ងៃ ដែលស្ថិតនៅភូមិត្របែក ឃុំត្រងិល ស្រុកកំពង់លែង ខេត្តកំពង់ឆ្នាំង។ | ||
| 520 | _aNeang Kong Rey was the wife of Puthisen. She died because her husband abandoned her. She cried until she passed away, and her body eventually turned into a mountain, which still exists today. This mountain is located in Trabaek Village, Trangel Commune, Kampong Leaeng District, Kampong Chhnang Province. | ||
| 521 | 8 |
_a650
_bLexile estimate |
|
| 521 | 8 |
_aP
_bRaz-Plus |
|
| 650 |
_aភ្នំនាងកង្រី _vរឿងនិទានកុមារ |
||
| 650 |
_aNeang Kang Rei mountain _vChildren's stories |
||
| 700 |
_aSan, Thai _eIllustrator |
||
| 942 |
_2ddc _cKHB _n0 |
||
| 999 |
_c8566 _d8566 |
||